| 000 | 01184nam a2200313 i 4500 | ||
|---|---|---|---|
| 003 | EG-ScBUE | ||
| 005 | 20250316094225.0 | ||
| 008 | 090203s2006 enka f b 001 0 eng d | ||
| 020 | _a0198515367 | ||
| 020 | _a9780198515364 | ||
| 040 |
_aEG-ScBUE _beng _erda _cEG-ScBUE _dEG-ScBUE |
||
| 082 | 0 | 4 |
_222 _a530.13 _bKRA |
| 100 | 1 |
_91983 _aKrauth, Werner, _eauthor. |
|
| 245 |
_aStatistical mechanics : _balgorithms and computations / _cWerner Krauth, laboratoire de physique statistique, Ecole Normale Superieure, Paris. |
||
| 264 | 1 |
_aOxford : _bOxford University Press, _c2006. |
|
| 300 |
_axii, 342 pages : _billustrations ; _c26 cm. + _e1 CD |
||
| 336 |
_2rdacontent _atext _btxt |
||
| 336 |
_2rdacontent _asounds _bsnd |
||
| 337 |
_aunmediated _2rdamedia _bn |
||
| 337 |
_aaudio _2rdamedia _bs |
||
| 338 |
_avolume _bnc _2rdacarrier |
||
| 338 |
_acomputer disc _bcd _2rdacarrier |
||
| 490 | 0 | _aOxford master series in statistical, computational, and theoretical physics | |
| 504 | _aIncludes bibliographical references and index. | ||
| 650 | 7 |
_91920 _aStatistical mechanics. _2BUEsh |
|
| 650 | 7 |
_91984 _aStatistical physics. _2BUEsh |
|
| 655 | _vReading book | ||
| 942 |
_2ddc _cBB |
||
| 999 |
_c10630 _d10630 |
||